000 00386cam a22001217a 4500
008 180718b1980 xxu||||| |||| 00| 0 eng d
082 _aWx54 In2tpcw
100 _aModak, S.K.
245 _aWest coast transport network an optimal inter-model mix : a study
_cby S.K. Modak And D.M. Nachane
260 _aBombay
_bDepartment of Economics
_c1980
300 _a220p.
700 _aNachane, D.M.
999 _c498492
_d498492